00617nam a2200205Ia 4500008004100000020001400041050001400055100002200069245004500091245003200136245002500168260001000193260002700203260000900230300001600239300002000255300001000275999001900285952010700304170918s9999 xx 000 0 und d a879055545 bM764 1993 aMontana, Gladiola aNever ask a man the size of his spread : ba cowgirl's guide to life / cby Gladiola Montana. aUSA : bGibbs Smith Publisher, c1993 a138 pages : billustrations ; c17cm. c343654d343654 001040aSSISMbSSISMd2017-09-18l0oGS FIC M764 1993pSSISM2726r2017-09-18 00:00:00w2017-09-18yBK